Statistics for Melbourne - Frankston Line Metro Stations

Click here to take the quiz!

General Stats

  • This quiz has been taken 154 times
    (120 since last reset)
  • The average score is 23 of 32

Answer Stats

Answer% Correct
Frankston
97%
Richmond
82%
Chelsea
80%
Moorabbin
80%
South Yarra
80%
Caulfield
78%
Cheltenham
78%
Edithvale
78%
Flinders Street
78%
Mordialloc
77%
Bonbeach
75%
Carrum
75%
Melbourne Central
75%
Parliament
74%
Seaford
74%
Southern Cross
74%
Mentone
72%
Aspendale
71%
Toorak
71%
Flagstaff
69%
Southland
68%
Armadale
66%
Hawksburn
66%
Ormond
66%
Parkdale
66%
Kananook
65%
Malvern
63%
Highett
62%
McKinnon
62%
Bentleigh
60%
Patterson
60%
Glenhuntly
58%

Score Distribution

Percentile by Number Answered

Percent of People with Each Score

Your Score History

You have not taken this quiz since the last reset